Представление документа в формате MARC21

Поле Инд. ПП Название Значение
Тип записи a
Библиографический уровень m
001 Контрольный номер e21811c3bac242bc85ea4a44c749e315
005 Дата корректировки 20201109090020.9
020 a ISBN 978-5-98150-296-5
040 a Служба первич. каталог. НБ ТвГУ
b Код языка каталог. rus
e Правила каталог. PSBO
041 0_ a Код языка текста rus
080 a Индекс УДК 615.89
084 a Индекс другой классификации/Индекс ББК Р359.1
090 a Полочн. индекс Р359
x Авторский знак С 81
097 b Оператор Semenova.ZR
245 00 a Заглавие 100 лучших способов повысить уровень жизненной энергии
c Ответственность под общей редакцией Эммы Митчелл ; перевод с английского У. Сапциной
246 13 a Другая форма заглавия Сто лучших способов повысить уровень жизненной энергии
260 c Дата издания 2009
a Место издания Москва
b Издательство Контэнт
300 a Объем 159, [1] с.
b Иллюстрации/ тип воспроизводства ил., табл.
440 _0 a Серия Секреты Востока и Запада
500 a Примечание Авт. указаны на с. 154-155 текста
520 0_ a Аннотация В каждом из нас скрыт колоссальный запас энергии, способной принести нам здоровье и ощущение счастья. Эта книга - ценная энциклопедия, которая откроет вам секреты жизненной энергии и поможет стать более здоровыми и счастливыми. Из этого замечательного справочника вы узнаете, каким образом ваша жизненная сила связана с общим состоянием здоровья и самочувствием, а также научитесь с помощью простых методик и упражнений получать доступ к источникам этой жизненной силы. Эти методики разработаны на основе широкого диапазона направлений комплементарной медицины - от акупунктуры и цигун до гомеопатии и массажа. Они представляют собой новый взгляд на совокупную мудрость Востока и Запада и объясняют, почему стимуляция природной энергии играет такую важную роль в повседневной жизни. - Откройте для себя все многообразие энергетических видов терапии и методик, разработанных на Востоке и Западе. - Исследуйте внутреннюю энергию вашего тела в соответствии с древними традициями Востока, познакомьтесь с теориями ци, чакр и фэн-шуй. - Обратитесь к современным комплементарным видам терапии, применяемым в странах Запада: кинезиологии, ароматерапии, гомеопатии. - Подробнее изучите простые, пошаговые методики, а также авторитетные советы по питанию, релаксации и фитнесу, помогающие восстанавливать и поддерживать здоровье и хорошее самочувствие.
653 0_ a Ключевые слова Клиническая гомеопатия
a Ключевые слова Здоровье
a Ключевые слова Влияние методов восточной медицины
a Ключевые слова Общая терапия
a Ключевые слова Отдельные системы лечения
a Ключевые слова Нетрадиционная медицина
700 12 a Другие авторы Бересфорд-Кук Карола
700 12 a Другие авторы Куртене Антея
700 12 a Другие авторы Ом Пракаш Деван
700 12 a Другие авторы Годагама Шантха
700 12 a Другие авторы Митчелл Эмма
e Роль лиц Редактор
700 12 a Другие авторы Сапцина У.
e Роль лиц Переводчик
901 t Тип документа m
920 a Оператор Семен
a Оператор Суха
a Оператор Стро
930 a Новая/Ретро новая
952 c Вид литературы К рн
954 b Дата поступления в ОК 20201102
a Дата поступления на обработку 20201102
c Дата окончания ОНО 20201109